Resolving the state- market dilemma in east Asia

সংরক্ষণ করুন:
গ্রন্থ-পঞ্জীর বিবরন
প্রধান লেখক: Wade, Robert
বিন্যাস: গ্রন্থ
ভাষা:Undetermined
প্রকাশিত: Tokyo Sophia University 1994
বিষয়গুলি:
ট্যাগগুলো: ট্যাগ যুক্ত করুন
কোনো ট্যাগ নেই, প্রথমজন হিসাবে ট্যাগ করুন!
Thư viện lưu trữ: Trung tâm Học liệu Trường Đại học Cần Thơ
LEADER 00536nam a2200193Ia 4500
001 CTU_82295
008 210402s9999 xx 000 0 und d
082 |a 330.9 
082 |b W119 
100 |a Wade, Robert 
245 0 |a Resolving the state- market dilemma in east Asia 
245 0 |c Robert Wade 
260 |a Tokyo 
260 |b Sophia University 
260 |c 1994 
650 |a Economic conditions.,Economic policy. 
650 |z East asia 
904 |i Trọng Hải 
980 |a Trung tâm Học liệu Trường Đại học Cần Thơ